Datum a čas kvízu
43
Celkem bodů
Celkový počet nahraných bodů na tomto kvízu bez doplňovacích otázek.
3.
Pořadí na kvízu
Konečné umístění týmu na tomto kvízu.
Zaznamenané odpovědi
| # | Otázka | Odpověď | Body | Výsledky |
|---|---|---|---|---|
| 1. | Který pták z řádu pěvců, známý... | rehek (domácí) | 1 | |
| 2. | Jistý čtyřpísmenný anglický vý... | rizz | 1 | |
| 3. | Studio Rockstar Games vydalo v... | Grand Theft Auto (GTA) | 1 | |
| 4. | Společnost Air Bank minulý týd... | Cvak | 1 | |
| 5. | Novou posilou fotbalové Slavie... | Mohamed Ihattaren | 1 | |
| 6. | V tomto tématu si vždy vyberet... | ZA BOD: František Hrubín ZA PŮL: Rozmarné léto | 1 | |
| 7. | ZA BOD: Které značce aut patří... | ZA BOD: Lotus ZA PŮL: Maserati | 0.5 | |
| 8. | ZA BOD: Ve kterém městě byla u... | ZA BOD: Rouen ZA PŮL: Dallas | 1 | |
| 9. | ZA BOD: Na kterém světadílu ži... | ZA BOD: Asie ZA PŮL: motýl | 1 | |
| 10. | ZA BOD: Která země pořádala zi... | ZA BOD: Rakousko ZA PŮL: Česká republika | 0.5 |